Korean perspectives of foreign direct investments in Central and Eastern Europe

SVE, príjemca PZI, v súčasnosti predstavuje základňu pre kórejskú globálnu produkciu v EÚ. Kórejské firmy sa sťahujú zo západu do SVE. Navyše tu rastie objem PZI. Môže to byť klasifikované ako push a pull faktory. Investície kórejského automobilového priemyslu na Slovensku.

Salvato in:
Dettagli Bibliografici
Autore principale: Song, Sunghee
Natura: Capitolo di libro
Lingua:inglese
Soggetti:
Tags: Aggiungi Tag
Nessun Tag, puoi essere il primo ad aggiungerne!!

MARC

LEADER 00000nla$a2200000$$$4500
001 0065127
005 20240502071752.7
041 0 |a eng 
044 |a SK 
245 1 0 |a Korean perspectives of foreign direct investments in Central and Eastern Europe  |c Sunghee Song 
520 |a SVE, príjemca PZI, v súčasnosti predstavuje základňu pre kórejskú globálnu produkciu v EÚ. Kórejské firmy sa sťahujú zo západu do SVE. Navyše tu rastie objem PZI. Môže to byť klasifikované ako push a pull faktory. Investície kórejského automobilového priemyslu na Slovensku. 
610 2 0 |a Kórea 
610 2 0 |a investície 
610 2 0 |a investície priame zahraničné 
610 2 0 |a SVE 
610 2 0 |a priemysel automobilový 
100 1 |a Song, Sunghee